[Event "London Classic Open 2018"]
[Site "London ENG"]
[Date "2018.12.15"]
[Round "7.60"]
[White "Smith, Andrew Philip"]
[Black "Balaji, Aaravamudhan"]
[Result "1-0"]
[WhiteTitle "FM"]
[WhiteElo "2157"]
[BlackElo "1914"]
[WhiteFideId "2500833"]
[BlackFideId "436224"]
[EventDate "2018.12.09"]

1. e4 d6 2. d4 Nf6 3. Nc3 g6 4. Be3 Bg7 5. f3 c6 6. Qd2 h5 7. a4 Qa5 8. Bd3 h4
9. h3 e5 10. Nge2 Nh5 11. O-O Nd7 12. dxe5 dxe5 13. Nb5 Qxd2 14. Nd6+ Ke7 15.
Nxc8+ Raxc8 16. Bxd2 Bh6 17. Bb4+ c5 18. Ba3 Kf6 19. Bb5 Nf8 20. Rfd1 b6 21. Kf2
Ne6 22. Bd7 Rcd8 23. Bxe6 fxe6 24. b4 c4 25. Bb2 Rd2 26. Rxd2 Bxd2 27. b5 Rd8
28. Nc3 Bf4 29. Rd1 Rd2+ 30. Rxd2 Bxd2 31. Na2 Ng7 32. Bc3 Bxc3 33. Nxc3 Ne8 34.
Na2 Nd6 35. Nb4 Nb7 36. Nc6 Nc5 37. a5 Na4 38. Nxa7 bxa5 39. Nc6 Nb6 40. Nxa5
Ke7 41. Ke3 Kd6 42. Nc6 Nd7 43. f4 Kc5 44. fxe5 Kxb5 45. Ne7 Nxe5 46. Kd4 Nf7
47. Nxg6 Kb4 48. e5 Nd8 49. Ne7 Nf7 50. c3+ Kb3 51. Nc6 Nh6 52. Na5+ Kc2 53.
Nxc4 Nf5+ 54. Ke4 Kxc3 55. Nd6 Ng3+ 56. Kf4 Kd4 57. Nf7 Nf1 58. Ng5 Kd5 59. Nf3
Ng3 60. Nxh4 Ne2+ 61. Ke3 Nd4 62. Ng6 Nc2+ 63. Kf3 Ne1+ 64. Kg3 Ke4 65. Nh4 Nd3
66. Nf3 Kf5 67. Kh4 Nf4 68. g4+ Ke4 69. Kg3 Ne2+ 70. Kf2 Nf4 71. h4 Ng6 72. h5
Ne7 73. Kg3 Nd5 74. h6 Ne7 75. Nh4 1-0

[Event "London Classic Open 2018"]
[Site "London ENG"]
[Date "2018.12.15"]
[Round "7.61"]
[White "Sedykh, Mikhail"]
[Black "Rohfleisch, Daniel"]
[Result "1-0"]
[WhiteElo "2118"]
[BlackElo "1820"]
[WhiteFideId "447498"]
[BlackFideId "12999881"]
[EventDate "2018.12.09"]

1. c4 Nf6 2. g3 e6 3. Bg2 d5 4. Nf3 c5 5. cxd5 Nxd5 6. Nc3 Nc6 7. O-O b6 8. Nxd5
exd5 9. d4 Bb7 10. Be3 cxd4 11. Nxd4 Bc5 12. Nxc6 Bxc6 13. Bxc5 bxc5 14. Rc1 Qd6
15. b4 O-O 16. Rxc5 Rac8 17. Qd4 g5 18. e4 f5 19. e5 Qh6 20. Bxd5+ Bxd5 21.
Qxd5+ Kh8 22. e6 Rxc5 23. bxc5 Re8 24. e7 Qf6 25. Re1 f4 1-0

[Event "London Classic Open 2018"]
[Site "London ENG"]
[Date "2018.12.15"]
[Round "7.62"]
[White "Dauletova, Gulmira"]
[Black "Cavendish, Joshua Z"]
[Result "1-0"]
[WhiteTitle "WIM"]
[WhiteElo "2261"]
[BlackElo "1944"]
[WhiteFideId "13702971"]
[BlackFideId "418005"]
[EventDate "2018.12.09"]

1. e4 e5 2. Nf3 Nc6 3. Bb5 a6 4. Ba4 Nf6 5. O-O Be7 6. Re1 b5 7. Bb3 O-O 8. a4
Bb7 9. d3 Re8 10. Nc3 b4 11. Nd5 Na5 12. Nxe7+ Qxe7 13. Ba2 h6 14. Nh4 d5 15.
Qf3 Bc8 16. h3 b3 17. Bd2 Nxe4 18. Bxa5 bxa2 19. dxe4 Qxh4 20. exd5 Qxa4 21.
Bxc7 Qxc2 22. Bxe5 f6 23. Rec1 Qg6 24. Bg3 Bb7 25. Rxa2 Rad8 26. Ra5 Qf7 27. Rd1
Rd7 28. Qd3 Bxd5 29. Rxd5 Rxd5 30. Qxd5 Re1+ 31. Kh2 1-0

[Event "London Classic Open 2018"]
[Site "London ENG"]
[Date "2018.12.15"]
[Round "7.63"]
[White "De Coverly, Roger D"]
[Black "Willmoth, Robert F"]
[Result "1/2-1/2"]
[BlackTitle "CM"]
[WhiteElo "1951"]
[BlackElo "2144"]
[WhiteFideId "405213"]
[BlackFideId "402540"]
[EventDate "2018.12.09"]

1. e4 d6 2. d4 Nf6 3. Nc3 g6 4. Be3 c6 5. f4 b5 6. Bd3 b4 7. Nce2 Bg7 8. Nf3 a5
9. O-O Ba6 10. Kh1 d5 11. e5 Ng4 12. Bg1 Qd7 13. a3 h5 14. axb4 axb4 15. Qd2 Qb7
16. f5 Bh6 17. Qd1 gxf5 18. Bxf5 e6 19. Bd3 Be3 20. Bxa6 Rxa6 21. Qd3 Qb5 22.
Rxa6 Qxd3 23. cxd3 Nxa6 24. Ra1 Nc7 25. Ra4 Kd7 26. h3 Bxg1 27. Kxg1 Ne3 28.
Rxb4 Ra8 29. Nf4 Nb5 30. Nxh5 Nc2 31. Nf6+ Ke7 32. Rb3 Na1 33. Rb4 Nc2 1/2-1/2

[Event "London Classic Open 2018"]
[Site "London ENG"]
[Date "2018.12.15"]
[Round "7.64"]
[White "Hughes, Anthony"]
[Black "Lindholm, Jere"]
[Result "0-1"]
[WhiteTitle "CM"]
[WhiteElo "1910"]
[BlackElo "2130"]
[WhiteFideId "1803093"]
[BlackFideId "508012"]
[EventDate "2018.12.09"]

1. d4 Nf6 2. Nf3 g6 3. g3 Bg7 4. Bg2 O-O 5. O-O d5 6. c4 dxc4 7. Na3 Nc6 8. Nxc4
Be6 9. b3 Bd5 10. e3 a5 11. a4 Nb4 12. Ba3 c6 13. Qe2 Ne4 14. Rfc1 Re8 15. Qf1
Rc8 16. Nfd2 Nxd2 17. Nxd2 Bxg2 18. Qxg2 e5 19. Nf3 exd4 20. exd4 Qd5 21. Bxb4
axb4 22. Rc4 b5 23. axb5 cxb5 24. Rxc8 Rxc8 25. Qh3 Rc3 26. Ne5 Qxd4 27. Nd7 h6
28. Re1 Rxb3 29. Nb8 Rc3 30. Qf1 Rc2 31. Rd1 Rxf2 32. Rxd4 Rxf1+ 33. Kxf1 Bxd4
34. Nc6 b3 0-1

[Event "London Classic Open 2018"]
[Site "London ENG"]
[Date "2018.12.15"]
[Round "7.65"]
[White "Bates, Caspar J"]
[Black "Royal, Shreyas"]
[Result "1-0"]
[BlackTitle "CM"]
[WhiteElo "2113"]
[BlackElo "1930"]
[WhiteFideId "414760"]
[BlackFideId "448869"]
[EventDate "2018.12.09"]

1. d4 Nf6 2. c4 Nc6 3. Nc3 e5 4. d5 Ne7 5. e3 Ng6 6. a3 a5 7. h4 Bc5 8. h5 Ne7
9. Rb1 d6 10. b4 Ba7 11. Bb2 O-O 12. Rc1 Ne8 13. Qb3 axb4 14. axb4 Bd7 15. Nf3
f5 16. c5 Kh8 17. h6 g6 18. Nb5 Bb8 19. Ng5 Ng8 20. f4 Nef6 21. fxe5 dxe5 22.
Bxe5 Qe8 23. Ne6 Bxe6 24. dxe6 Qc6 25. Rh4 Re8 26. Nd4 Qa4 27. Qxa4 Rxa4 28. Bb5
c6 29. Bxb8 cxb5 30. Be5 Rxb4 31. Rh3 Rc8 32. Rf3 Re8 33. g4 fxg4 34. Bxf6+ Nxf6
35. Rxf6 Rb2 36. e7 Kg8 37. Ne6 1-0

[Event "London Classic Open 2018"]
[Site "London ENG"]
[Date "2018.12.15"]
[Round "7.66"]
[White "Tombolis, Christopher"]
[Black "Dahl, Baard"]
[Result "1-0"]
[WhiteElo "1898"]
[BlackElo "2097"]
[WhiteFideId "433691"]
[BlackFideId "444251"]
[EventDate "2018.12.09"]

1. e4 e5 2. Nf3 Nc6 3. Bc4 Bc5 4. c3 Nf6 5. d3 d6 6. O-O O-O 7. Re1 a6 8. Bb3
Ba7 9. Be3 Bxe3 10. Rxe3 Ne7 11. d4 Ng6 12. Nbd2 Re8 13. dxe5 Nxe5 14. Nxe5 Rxe5
15. Nf3 Bg4 16. Nxe5 Bxd1 17. Nxf7 Qe7 18. Rxd1 Kf8 19. e5 Ng4 20. Rf3 dxe5 21.
Nxe5+ Nf6 22. Nd7+ Ke8 23. Nxf6+ 1-0

[Event "London Classic Open 2018"]
[Site "London ENG"]
[Date "2018.12.15"]
[Round "7.67"]
[White "Jyothilal, N."]
[Black "Cowan, Richard M"]
[Result "1-0"]
[WhiteElo "2078"]
[BlackElo "1894"]
[WhiteFideId "5002605"]
[BlackFideId "419524"]
[EventDate "2018.12.09"]

1. d4 Nf6 2. c4 e6 3. g3 Bb4+ 4. Bd2 a5 5. Bg2 O-O 6. e4 Nc6 7. Ne2 d6 8. O-O e5
9. d5 Bxd2 10. Nxd2 Ne7 11. Qc2 c6 12. Rac1 Bg4 13. Nc3 Nd7 14. a3 cxd5 15. cxd5
Rc8 16. Qd3 Nc5 17. Qb5 Bd7 18. Qe2 a4 19. Kh1 Qb6 20. Rc2 f5 21. f4 Ng6 22. Nc4
Qa6 23. fxe5 dxe5 24. exf5 Bxf5 25. Rxf5 Rxf5 26. Bh3 Rcf8 27. Bxf5 Rxf5 28. Ne3
Rf6 29. Nb5 Ne4 30. Ng4 Rb6 31. Rc8+ Nf8 32. Qxe4 Qxb5 33. Qf3 Rf6 34. Nxf6+
gxf6 35. Qg4+ Kf7 36. Rc7+ 1-0

[Event "London Classic Open 2018"]
[Site "London ENG"]
[Date "2018.12.15"]
[Round "7.68"]
[White "Prior, Stephen C V"]
[Black "Newbry, Benjamin J"]
[Result "1/2-1/2"]
[WhiteElo "2065"]
[BlackElo "1875"]
[WhiteFideId "423378"]
[BlackFideId "30924634"]
[EventDate "2018.12.09"]

1. e4 b6 2. d4 Bb7 3. Bd3 Nf6 4. Qe2 Nc6 5. c3 e5 6. Nf3 Bd6 7. O-O O-O 8. d5
Ne7 9. a4 a6 10. a5 b5 11. c4 c6 12. dxc6 Nxc6 13. cxb5 axb5 14. Nc3 Nxa5 15.
Nxb5 Bc5 16. Bg5 h6 17. Bh4 d6 18. Rfd1 Qe7 19. Nc3 g5 20. Bg3 Nh5 21. Kh1 Nb3
22. Rxa8 Rxa8 23. Bc4 Nxg3+ 24. fxg3 Nd4 25. Nxd4 exd4 26. Nd5 Bxd5 27. Bxd5 Rf8
28. g4 Kg7 29. Qf1 f6 30. b4 Bxb4 31. Rxd4 Bc5 32. Rd1 Rb8 33. Rb1 Rxb1 34. Qxb1
Qc7 35. Qb7 1/2-1/2

[Event "London Classic Open 2018"]
[Site "London ENG"]
[Date "2018.12.15"]
[Round "7.69"]
[White "Jukes, Sam"]
[Black "Nettleton, Charlie B"]
[Result "0-1"]
[WhiteElo "1888"]
[BlackElo "2059"]
[WhiteFideId "1803182"]
[BlackFideId "419710"]
[EventDate "2018.12.09"]

1. e4 c5 2. Nf3 g6 3. d4 cxd4 4. Nxd4 Nc6 5. Nc3 Bg7 6. Be3 Nf6 7. Bc4 O-O 8.
Qd2 Ng4 9. Nxc6 bxc6 10. Bd4 Bxd4 11. Qxd4 Qb6 12. Qxb6 axb6 13. f4 Ne3 14. Bb3
Nxg2+ 15. Kd2 Nxf4 16. Raf1 Nh5 17. Rhg1 d6 18. Bc4 Ba6 19. Bxa6 Rxa6 20. Rf5
Ng7 21. Rfg5 Ne6 22. R5g4 Ra5 23. h4 Kg7 24. R4g3 Re5 25. Nd1 Nc5 0-1

[Event "London Classic Open 2018"]
[Site "London ENG"]
[Date "2018.12.15"]
[Round "7.70"]
[White "Flear, Christine"]
[Black "Viudes Serra, Aaron"]
[Result "1-0"]
[WhiteTitle "WIM"]
[WhiteElo "2055"]
[BlackElo "1850"]
[WhiteFideId "602604"]
[BlackFideId "2247658"]
[EventDate "2018.12.09"]

1. d4 Nf6 2. Nf3 c5 3. d5 d6 4. c4 b5 5. cxb5 a6 6. b6 Qxb6 7. Nc3 g6 8. e4 Nbd7
9. a4 Bg7 10. a5 Qc7 11. Nd2 O-O 12. Nc4 Bb7 13. Be2 Rfb8 14. Qc2 Ne8 15. O-O
Ra7 16. Na4 Qd8 17. Bg5 Nc7 18. Nab6 Nb5 19. Qd2 Nf6 20. Qf4 Nd4 21. Bd1 Ne8 22.
Qh4 Bf6 23. Bxf6 Nxf6 24. Ra3 Bc8 25. Nxc8 Rxc8 26. Rh3 Kf8 27. f4 Nxe4 28. Qxh7
Nf6 29. Qh6+ Ke8 30. Nb6 e6 31. Qh8+ Ke7 32. Nxc8+ 1-0

[Event "London Classic Open 2018"]
[Site "London ENG"]
[Date "2018.12.15"]
[Round "7.71"]
[White "Grigoryan, Meri"]
[Black "Gilmore, Samuel"]
[Result "1-0"]
[WhiteTitle "WFM"]
[WhiteElo "2054"]
[BlackElo "1575"]
[WhiteFideId "13300571"]
[BlackFideId "448354"]
[EventDate "2018.12.09"]

1. d4 Nf6 2. Nf3 e6 3. c4 b6 4. Nc3 Bb4 5. Qc2 Bb7 6. Bg5 h6 7. Bxf6 Qxf6 8. a3
Bxc3+ 9. bxc3 O-O 10. h4 d6 11. Rh3 Qf5 12. Qxf5 exf5 13. h5 Ba6 14. e3 Re8 15.
O-O-O Nc6 16. Nh4 f4 17. exf4 Na5 18. Rg3 Kh8 19. Nf5 Rg8 20. Ne3 Rab8 21. a4 c6
22. Kc2 Bc8 23. Bd3 Bd7 24. Ra1 Rge8 25. Rf3 c5 26. d5 Ra8 27. g4 f6 28. Rg3 Rf8
29. Rgg1 a6 30. Rgb1 Rfb8 31. Bf5 Be8 32. Bd3 Bd7 33. Re1 Re8 34. Nf5 Bxf5 35.
Bxf5 Nxc4 36. Bg6 Rxe1 37. Rxe1 b5 38. axb5 axb5 39. Re8+ Rxe8 40. Bxe8 Nb6 41.
Bc6 Kh7 42. f5 Kh8 43. Kd3 Nc4 44. Bxb5 Ne5+ 45. Ke2 Kg8 46. f4 Nf7 47. Bd7 Kf8
48. Kd3 Ke7 49. Bc8 Kd8 50. Be6 Nh8 51. Kc4 Kc7 52. Kb5 Kb7 53. Bg8 Kc7 54. Ka6
Kc8 55. Kb6 Kd7 56. Kb7 Ke8 57. Kc7 Kf8 58. Be6 Ke7 59. Kc6 c4 60. Kb5 Kd8 61.
Kxc4 Kc7 62. Kb5 1-0

[Event "London Classic Open 2018"]
[Site "London ENG"]
[Date "2018.12.15"]
[Round "7.72"]
[White "Jones, Tibor"]
[Black "Bin-Suhayl, Ieysaa"]
[Result "0-1"]
[WhiteElo "1860"]
[BlackElo "2038"]
[WhiteFideId "2405288"]
[BlackFideId "429031"]
[EventDate "2018.12.09"]

1. d4 Nf6 2. c4 c5 3. d5 b5 4. cxb5 a6 5. f3 axb5 6. e4 Qa5+ 7. Bd2 b4 8. Na3 d6
9. Nc4 Qd8 10. a3 e6 11. dxe6 Bxe6 12. Bg5 bxa3 13. bxa3 Nc6 14. Bd3 Be7 15. Ne2
O-O 16. O-O Na5 17. Qc2 d5 18. Nxa5 Rxa5 19. e5 c4 20. exf6 cxd3 21. Qxd3 Bxf6
22. Bxf6 Qxf6 23. Nd4 Rfa8 24. Rfc1 Qf4 25. Rc3 Ra4 26. Rd1 Qd6 27. Nc2 h5 28.
Nb4 R4a5 29. Nc2 g6 30. Nd4 Rxa3 31. Nb5 Qb6+ 32. Kh1 Ra1 33. Rcc1 Rxc1 34. Rxc1
Qf2 35. Nc3 d4 36. Ne4 Qb2 37. Qd2 Qa3 38. Qh6 Qe7 39. Ng5 Qf6 40. Ne4 Qe5 41.
Qd2 Bf5 42. Ng3 Rd8 43. Nxf5 Qxf5 44. Rd1 d3 45. Kg1 Qc5+ 46. Kh1 Qd4 47. Re1
Rc8 48. Rd1 Re8 49. h3 Re2 50. Qxd3 Re1+ 51. Kh2 0-1

[Event "London Classic Open 2018"]
[Site "London ENG"]
[Date "2018.12.15"]
[Round "7.73"]
[White "Jaufarally, Nadia"]
[Black "Skinner, Nicholas H"]
[Result "1-0"]
[WhiteElo "1833"]
[BlackElo "2028"]
[WhiteFideId "443727"]
[BlackFideId "448060"]
[EventDate "2018.12.09"]

1. e4 c5 2. Nf3 e6 3. d4 cxd4 4. Nxd4 Nc6 5. Nc3 Qc7 6. Nxc6 bxc6 7. Bd3 Nf6 8.
Be3 Be7 9. O-O O-O 10. f4 d6 11. Qf3 Bb7 12. g4 c5 13. g5 Ne8 14. b3 Rd8 15. Qg4
g6 16. f5 exf5 17. exf5 d5 18. Nb5 Qd7 19. Qg3 a6 20. f6 Bd6 21. Nxd6 Qxd6 22.
Qxd6 Nxd6 23. Bxc5 Rfe8 24. Bxd6 Rxd6 25. Rae1 Rde6 26. Rxe6 Rxe6 27. Kf2 h6 28.
h4 hxg5 29. hxg5 Kf8 30. Re1 Rxe1 31. Kxe1 Ke8 32. Kd2 Kd7 33. Ke3 a5 34. Kd4
Kd6 35. c4 Bc6 36. cxd5 Bxd5 37. Bc4 Be6 38. Bxe6 Kxe6 39. a3 Kf5 40. b4 axb4
41. axb4 Kxg5 42. b5 Kxf6 43. b6 Kg5 44. b7 f5 45. b8=Q Kg4 46. Ke3 g5 47. Qh2
f4+ 48. Kf2 Kf5 49. Qh3+ Ke5 50. Qg4 Kf6 51. Kf3 Kg6 52. Ke4 1-0

[Event "London Classic Open 2018"]
[Site "London ENG"]
[Date "2018.12.15"]
[Round "7.74"]
[White "Finn, Peter"]
[Black "Yoon, Jacob D"]
[Result "1/2-1/2"]
[WhiteElo "1820"]
[BlackElo "2009"]
[WhiteFideId "432156"]
[BlackFideId "446076"]
[EventDate "2018.12.09"]

1. c4 Nf6 2. Nf3 c6 3. d4 d5 4. Bf4 dxc4 5. Qc2 b5 6. e4 e6 7. a4 Bb4+ 8. Nc3
Bb7 9. Bg5 h6 10. Bxf6 Qxf6 11. Be2 a6 12. O-O O-O 13. Ne5 c5 14. Ng4 Qe7 15.
dxc5 Qxc5 16. e5 Bxc3 17. Qxc3 Nd7 18. Qg3 Kh8 19. Rfd1 Qe7 20. Qf4 Rfd8 21.
Nxh6 gxh6 22. Qxh6+ Kg8 23. Ra3 Nxe5 24. Rg3+ Ng6 25. Rxd8+ Rxd8 26. h4 Be4 27.
h5 Qf8 28. Qe3 Bf5 29. hxg6 Bxg6 30. Bh5 Rd3 31. Qg5 Rxg3 32. Qxg3 Qg7 33. Bxg6
Qxg6 34. Qb8+ Kh7 35. Qb7 Kg7 36. axb5 axb5 1/2-1/2

[Event "London Classic Open 2018"]
[Site "London ENG"]
[Date "2018.12.15"]
[Round "7.75"]
[White "Burke, John S"]
[Black "Basnayake, I U"]
[Result "1-0"]
[BlackTitle "WCM"]
[WhiteElo "1980"]
[BlackElo "1692"]
[WhiteFideId "404322"]
[BlackFideId "9901698"]
[EventDate "2018.12.09"]

1. d4 Nf6 2. Bf4 g6 3. e3 Bg7 4. Nf3 O-O 5. Be2 d6 6. O-O c5 7. c3 Qb6 8. Qc1
Bg4 9. h3 Bd7 10. Nbd2 Rc8 11. Nc4 Qd8 12. Qd1 b5 13. Ncd2 a6 14. e4 Bc6 15. Bd3
Nh5 16. Bg5 h6 17. Be3 c4 18. Bc2 Nf6 19. Nh2 Nbd7 20. Ng4 Nxg4 21. hxg4 e5 22.
d5 Bb7 23. g3 Qe7 24. Kg2 g5 25. Rh1 Nf8 26. Nf1 Re8 27. Bd2 Bc8 28. Ne3 Ng6 29.
Rh5 Nh8 30. Qh1 f6 31. Qd1 Bd7 32. Qf3 Red8 33. Rah1 Nf7 34. Qe2 Rdc8 35. Ra1
Qd8 36. Rhh1 Qe8 37. Rhb1 Rc5 38. b4 Rc7 39. a4 Rca7 40. Ra2 Qc8 41. Rba1 Qc7
42. Nf5 a5 43. Be3 Ra6 44. axb5 Bxb5 45. Ba4 Qd7 46. Bxb5 Qxb5 47. Rxa5 Rxa5 48.
Rxa5 Rxa5 49. bxa5 Qxa5 50. Qxc4 Bf8 51. Qc8 Qd8 52. Qc6 Qb8 53. c4 Qb1 54. f3
Qb2+ 55. Bf2 Qb8 56. Bb6 Kh7 57. Qc7 Qxc7 58. Bxc7 Kg6 59. Kf2 h5 60. gxh5+ Kxh5
61. g4+ Kg6 62. Ke2 Nh8 63. Bxd6 Kf7 64. Bxf8 Kxf8 65. c5 Ke8 66. Kd3 Ng6 67.
Kc4 Nh4 68. c6 Kd8 69. Kc5 Nxf3 70. d6 Nd2 71. Ng3 Nb3+ 72. Kb6 Kc8 73. Nf5 Nd2
74. d7+ Kd8 75. Kb7 1-0

[Event "London Classic Open 2018"]
[Site "London ENG"]
[Date "2018.12.15"]
[Round "7.76"]
[White "Merriman, James"]
[Black "Mueller, Jens"]
[Result "0-1"]
[WhiteElo "1696"]
[BlackElo "1961"]
[WhiteFideId "452270"]
[BlackFideId "16251016"]
[EventDate "2018.12.09"]

1. d4 g6 2. c4 Bg7 3. e4 c5 4. d5 d6 5. Ne2 e5 6. Ng3 Ne7 7. Nc3 h5 8. h4 Na6 9.
Be2 Nc7 10. Bg5 f6 11. Be3 Bd7 12. O-O Qc8 13. f4 Bg4 14. f5 gxf5 15. exf5 Nxf5
16. Bxg4 Nxe3 17. Qa4+ b5 18. Nxb5 Qxg4 19. Nxc7+ Kf7 20. Nxa8 Qxg3 21. Rf2 Ng4
22. Qd7+ Kg6 23. Qf5+ Kh6 24. Rf3 Qh2+ 25. Kf1 Qh1+ 26. Ke2 Qxa1 27. Qc2 Qg1 28.
Qd2+ Kg6 29. Qd3+ Kf7 30. Qf5 Qxg2+ 31. Kd3 e4+ 32. Qxe4 Ne5+ 0-1

[Event "London Classic Open 2018"]
[Site "London ENG"]
[Date "2018.12.15"]
[Round "7.77"]
[White "Saidmurodov, Shahjahon"]
[Black "Nelson, Omowale"]
[Result "1-0"]
[WhiteElo "1549"]
[BlackElo "1956"]
[WhiteFideId "448150"]
[BlackFideId "7400209"]
[EventDate "2018.12.09"]

1. d4 d5 2. c4 dxc4 3. e3 Nf6 4. Nf3 e6 5. Bxc4 a6 6. Ne5 c5 7. Nc3 Nbd7 8. f4
Be7 9. O-O O-O 10. Qf3 Qc7 11. Bd3 Rb8 12. Qh3 Rd8 13. g4 Nf8 14. g5 N6d7 15.
Qh5 Nxe5 16. fxe5 Ng6 17. Rf3 cxd4 18. Rh3 Bxg5 19. Bxg6 Bh6 20. Bxh7+ Kf8 21.
exd4 Bxc1 22. Rxc1 Rxd4 23. Rf1 b5 24. Rhf3 Rd7 25. Be4 1-0

[Event "London Classic Open 2018"]
[Site "London ENG"]
[Date "2018.12.15"]
[Round "7.78"]
[White "Shivika Rohilla"]
[Black "Stewart, Ashley"]
[Result "0-1"]
[WhiteElo "1780"]
[BlackElo "2160"]
[WhiteFideId "45015414"]
[BlackFideId "419001"]
[EventDate "2018.12.09"]

1. d4 Nf6 2. Nf3 g6 3. Bg5 Bg7 4. Nbd2 O-O 5. c3 d6 6. e4 c5 7. dxc5 dxc5 8. Bc4
Nc6 9. O-O Na5 10. Be2 Qc7 11. Qc2 Be6 12. Bh4 h6 13. Bg3 Qb6 14. Ne5 Rfd8 15.
Ndc4 Nxc4 16. Nxc4 Qc6 17. Nd2 b6 18. Bf3 Rac8 19. c4 Nd7 20. Be2 Ne5 21. h3 Qd7
22. Nb3 Nc6 23. f4 Nd4 24. Nxd4 Qxd4+ 25. Bf2 Qxb2 26. Qxb2 Bxb2 27. Rad1 Bd4
28. g4 Bxf2+ 29. Kxf2 Bd7 30. Ke3 Ba4 31. Rd3 Rxd3+ 32. Bxd3 Rd8 33. Rc1 Kg7 34.
Rc3 Rd7 35. Ra3 Bc6 36. Ra6 g5 37. fxg5 hxg5 38. e5 Bg2 39. Be2 f6 40. exf6+
Kxf6 41. Kf2 Be4 42. Ra3 Ke5 43. Ke3 e6 44. Rc3 Rh7 45. Bf1 Rf7 46. Be2 Bg2 47.
Kd2 Kf4 48. Ke1 Rh7 49. Bf1 Bc6 50. Ke2 e5 51. Re3 e4 52. Bg2 Ke5 53. Rc3 Kd4
54. Rc1 a6 55. Rb1 b5 56. cxb5 Bxb5+ 57. Kd2 Rf7 58. Ke1 Ke3 59. Rb3+ Bd3 60.
Rb2 c4 61. Bxe4 Rf1# 0-1

[Event "London Classic Open 2018"]
[Site "London ENG"]
[Date "2018.12.15"]
[Round "7.80"]
[White "Volovich, Julia"]
[Black "Millward, Kevin P"]
[Result "1/2-1/2"]
[WhiteElo "1772"]
[BlackElo "2012"]
[WhiteFideId "447099"]
[BlackFideId "404721"]
[EventDate "2018.12.09"]

1. d4 d6 2. e4 e5 3. dxe5 dxe5 4. Qxd8+ Kxd8 5. Nf3 f6 6. Bc4 Bg4 7. Be3 Nd7 8.
Nc3 c6 9. O-O-O Kc7 10. Rd2 Nb6 11. Bb3 Rd8 12. Rxd8 Kxd8 13. a4 Bb4 14. Na2 Bd6
15. Rd1 Kc7 16. h3 Bd7 17. a5 Nc8 18. Nd2 g5 19. Nc4 Bf8 20. Nc3 Nge7 21. Na4
Ng6 22. Nc5 Bxc5 23. Bxc5 Nf4 24. g3 Nxh3 25. Nd6 Bg4 26. Rd2 Rd8 27. Nxc8 Kxc8
28. Bxa7 Ng1 29. Rxd8+ Kxd8 30. Kd2 h5 31. f4 Nf3+ 32. Ke3 gxf4+ 33. gxf4 h4 34.
Bc4 h3 35. Bf1 h2 36. Bg2 Ne1 37. Kf2 Bf3 38. Bxf3 Nxf3 39. Kg2 exf4 40. Bb8
Ne1+ 41. Kxh2 Nxc2 42. Bxf4 Ne1 43. Be3 Kd7 44. Kg3 Ke6 45. Bd4 Nd3 46. Kf3 Nb4
47. Bc5 Na6 48. Bd4 Nc7 49. Kf4 Nb5 50. Bc5 Nc7 51. Ke3 f5 52. exf5+ Kxf5 53.
Kd4 Na6 54. Kc4 Ke6 55. Bf2 Kd7 56. Bg3 Kc8 57. b4 Kd7 58. b5 cxb5+ 59. Kxb5 Kc8
60. Bh2 Kd7 61. Kb6 Kc8 62. Bd6 Nb8 63. Bxb8 Kxb8 64. a6 bxa6 65. Kxa6 1/2-1/2

[Event "London Classic Open 2018"]
[Site "London ENG"]
[Date "2018.12.15"]
[Round "7.82"]
[White "Ozturan, Cem"]
[Black "Jain, Gautam"]
[Result "1-0"]
[WhiteElo "1707"]
[BlackElo "1926"]
[WhiteFideId "6323502"]
[BlackFideId "425311"]
[EventDate "2018.12.09"]

1. d4 Nf6 2. c4 g6 3. Nc3 Bg7 4. e4 d6 5. h3 O-O 6. Bg5 Nbd7 7. Bd3 c6 8. Nge2
Qa5 9. Be3 e5 10. d5 cxd5 11. cxd5 Nc5 12. O-O Bd7 13. a3 Nxd3 14. Qxd3 Rfc8 15.
b4 Qd8 16. f4 Nh5 17. f5 gxf5 18. exf5 e4 19. Qxe4 Rxc3 20. Nxc3 Bxc3 21. Qg4+
Ng7 22. Rad1 h5 23. Qg3 Be5 24. Bf4 Qf6 25. Bxe5 Qxe5 26. Qxe5 dxe5 27. f6 Nf5
28. Rfe1 Re8 29. Rc1 Nd6 30. Rc7 Bc8 31. a4 Kh7 32. Re7 Rxe7 33. fxe7 f6 34. Rc1
Bd7 35. a5 a6 36. Rc7 Be8 37. b5 Kg6 38. Rxb7 Nxb5 39. Rb6 Kf7 40. Rxa6 Nc7 41.
Ra7 Nxd5 42. Rb7 Bc6 43. a6 Ke8 44. Rb8+ Kxe7 45. a7 Nc7 46. Rh8 Ke6 47. Kf2 Kd5
48. Rf8 Kd4 49. Rc8 e4 50. Rxc7 e3+ 51. Ke1 Bxg2 52. Rc8 Ke5 53. a8=Q Bxa8 54.
Rxa8 Kf4 55. h4 Kg3 56. Ke2 f5 57. Rg8+ Kxh4 58. Kxe3 Kh3 59. Kf2 h4 60. Rg5 Kh2
61. Rxf5 h3 62. Rh5 1-0

[Event "London Classic Open 2018"]
[Site "London ENG"]
[Date "2018.12.15"]
[Round "7.83"]
[White "Zheng, William"]
[Black "Cole, James"]
[Result "0-1"]
[WhiteElo "1649"]
[BlackElo "1914"]
[WhiteFideId "439037"]
[BlackFideId "431818"]
[EventDate "2018.12.09"]

1. e4 c6 2. d4 d5 3. exd5 cxd5 4. Nf3 Nc6 5. Bf4 Bg4 6. Bb5 e6 7. Qd3 Bxf3 8.
Qxf3 Bd6 9. O-O Bxf4 10. Qxf4 Nf6 11. Nd2 Rc8 12. c3 O-O 13. Bd3 Ne7 14. Kh1 Ng6
15. Qg3 Qc7 16. Bxg6 hxg6 17. Qh4 Nh5 18. f4 f6 19. Rf3 Kf7 20. Raf1 Rh8 21. Qf2
f5 22. Qe2 g5 23. g3 gxf4 24. gxf4 Rh6 25. Qe3 Rch8 26. Rh3 Nf6 27. Rxh6 Rxh6
28. Nf3 Ng4 29. Ne5+ Qxe5 30. Qxe5 Nxe5 31. dxe5 Rh4 32. Kg2 g5 33. fxg5 Kg6 34.
Rd1 Re4 35. Kf3 Rh4 36. Kg2 Kxg5 37. Rd4 f4 38. a4 Kf5 39. Rb4 Rh7 40. Kf3 Rh3+
41. Kg2 Rh7 42. Kf3 Kxe5 43. Rxf4 Rxh2 44. Rb4 b6 45. Rb5 Kd6 46. Ke3 Kc6 47.
Kd4 Rh4+ 48. Ke5 Rxa4 0-1

[Event "London Classic Open 2018"]
[Site "London ENG"]
[Date "2018.12.15"]
[Round "7.84"]
[White "Rizzoli, Aluna"]
[Black "Mazur, Maciej"]
[Result "1-0"]
[WhiteElo "1911"]
[BlackElo "1772"]
[WhiteFideId "843881"]
[BlackFideId "21031150"]
[EventDate "2018.12.09"]

1. d4 Nf6 2. Bg5 e6 3. e4 h6 4. Bxf6 Qxf6 5. c3 b6 6. Bd3 Bb7 7. Nd2 g6 8. Ngf3
Bg7 9. Qe2 Qe7 10. e5 d6 11. O-O O-O 12. Rfe1 Nd7 13. Rad1 Rad8 14. a4 dxe5 15.
dxe5 a5 16. Bc2 Nc5 17. Nd4 Qg5 18. N2f3 Qf4 19. h3 h5 20. g3 Qh6 21. b4 axb4
22. cxb4 Ba6 23. Nb5 Nxa4 24. Bxa4 c6 25. Qc4 Rxd1 26. Rxd1 Rc8 27. Qd4 cxb5 28.
Qxb6 bxa4 29. Qxa6 Rc3 30. Qxa4 g5 31. b5 Qg6 32. b6 Qf5 33. b7 Qxh3 34. b8=Q+
Bf8 35. Qab4 Rxf3 36. Q4xf8+ Kh7 37. Qg8+ 1-0